The beatles / (Record no. 5462)

MARC details
000 -LEADER
fixed length control field 00943nam a22003017a 4500
001 - CONTROL NUMBER
control field 5462
003 - CONTROL NUMBER IDENTIFIER
control field FISKH
005 - DATE AND TIME OF LATEST TRANSACTION
control field 20241212092402.0
008 - FIXED-LENGTH DATA ELEMENTS--GENERAL INFORMATION
fixed length control field 241209b cb ||||| |||| 00| 0 eng d
020 ## - INTERNATIONAL STANDARD BOOK NUMBER
International Standard Book Number 9780531222430
040 ## - CATALOGING SOURCE
Original cataloging agency FISKH
Language of cataloging eng
Transcribing agency FISKH
Modifying agency FISKH
050 ## - LIBRARY OF CONGRESS CALL NUMBER
Classification number ML3930.B39
082 ## - DEWEY DECIMAL CLASSIFICATION NUMBER
Classification number 782.42166
100 ## - MAIN ENTRY--PERSONAL NAME
Personal name Venezia, Mike
245 ## - TITLE STATEMENT
Title The beatles /
Statement of responsibility, etc. Written and illustrated by Mike Venezia
260 ## - PUBLICATION, DISTRIBUTION, ETC.
Place of publication, distribution, etc. New York :
Name of publisher, distributor, etc. Children's Press ;
Date of publication, distribution, etc. 2017.
300 ## - PHYSICAL DESCRIPTION
Extent 34 pages :
Other physical details color illustrations , maps ;
Dimensions 25 cm .
490 ## - SERIES STATEMENT
Series statement Getting to Know the World's Greatest Composers
505 ## - FORMATTED CONTENTS NOTE
Formatted contents note U <br/>
520 ## - SUMMARY, ETC.
Summary, etc. Tells the story of the world's most celebrated and influential rock group.
521 8# - TARGET AUDIENCE NOTE
Target audience note 840 <br/>
Source Lexile <br/>
521 8# - TARGET AUDIENCE NOTE
Target audience note Z <br/>
Source Raz-Plus <br/>
650 ## - SUBJECT ADDED ENTRY--TOPICAL TERM
Topical term or geographic name entry element music history
Form subdivision Non-fiction
650 ## - SUBJECT ADDED ENTRY--TOPICAL TERM
Topical term or geographic name entry element rock and roll
Form subdivision Non-fiction
700 ## - ADDED ENTRY--PERSONAL NAME
Personal name Venezia, Mike
Relator term illustrator
942 ## - ADDED ENTRY ELEMENTS (KOHA)
Source of classification or shelving scheme Dewey Decimal Classification
Koha item type Books
Suppress in OPAC No
Holdings
Withdrawn status Lost status Source of classification or shelving scheme Damaged status Not for loan Collection Home library Current library Shelving location Date acquired Total Checkouts Full call number Barcode Date last seen Copy number Price effective from Koha item type
    Dewey Decimal Classification     Non-Fiction Footprints International School Library Network Toul Kork Campus Footprints International School Library Network Toul Kork Campus TTP Secondary Non-Fiction Bookshelves 12/09/2024   VEN 782.42166 ML3930.B39 FISSE01691 12/09/2024 1 12/09/2024 Books
    Dewey Decimal Classification     Non-Fiction Footprints International School Library Network Toul Kork Campus Footprints International School Library Network Toul Kork Campus TTP Secondary Non-Fiction Bookshelves 12/09/2024   VEN 782.42166 ML3930.B39 FISSE01687 12/12/2024 2 12/09/2024 Books